Casinos em Portugal - Statistics

General Stats
  • This quiz has been taken 37 times
  • The average score is 6 of 11
Answer Stats
Resposta % Correct
Lisboa
94%
Estoril, Cascais
88%
Algarve, Portimão
70%
Vilamoura, Albufeira
64%
Espinho
61%
Madeira, Funchal
61%
Figueira da Foz
48%
Póvoa de Varzim
45%
Chaves
33%
Monte Gordo, Vila Real de Santo António
30%
Tróia, Grândola
18%
No matching quizzes found
Score Distribution
Percent of People with Each Score
Percentile by Number Answered
Your Score History
You have not taken this quiz